000 00463nam a22001817a 4500
999 _c57810
_d57807
020 _a0205113648
022 _a978-0205113644
082 _a621.4021HAB
100 _aHaberman W
245 _aEngineering Thermodynamics with Heat Transfer
250 _a2nd ed
260 _aNew Delhi
_bParson Education
_c2016
300 _a705
650 _aThermodynamics
650 _aHeat--Transmission
700 _aJohn, James E. A - Haberman, William L
942 _cBK